000 01238nam a22004217a 4500
001 BR2017001284
003 BR-BrBNA
005 20230928105109.0
007 ta
008 230509b bl.||||| |||| 00| 0 por d
040 _aBR-BrBNA
_bpor
_cBiblioteca Nacional de Agricultura
041 _a(Por)
072 _aH20; H10; F30
_b0120
_b4020
_b4030
_b7300
090 _ 0120 BR2017001284
100 1 _aOliveira, C.M. de (ed.)
100 1 _aSabato, E. de O. (ed.)
110 1 _aEmbrapa Milho e Sorgo
_93681
245 1 _aDoenças em Milho - insetos vetores, molicutes e vírus; Diseases in maize - insect vectors, mollicutes and viruses
260 3 _aBrasília, DF (Brasil):
_c2017.
300 _a278 p.
500 _aSeveral bibliographies; 99 illus.; 30 tables
650 _aDOENÇA DE PLANTA
650 _aCIGARRINHA
650 _aMILHO
650 _aZEA MAYS
650 _aPULGÃO
650 _aINSETICIDA
650 _aHOSPEDEIRO
650 _aVETOR
650 _aPARASITO
650 _aCONTROLE BIOLÓGICO
650 _aPRAGA DE PLANTA
650 _aMELHORAMENTO GENÉTICO VEGETAL
650 _aRHOPALOSIPHUM MAIDIS
650 _aBIOTECNOLOGIA
909 _a202309
_bLucia
_c55
_dLucia Elande
942 _cBK
999 _c83394
_d83394